History Quiz

Random History or Century Quiz

Timeline of 20th Century Dates Quiz Stats

 Plays Quiz Updated Aug 17, 2017

Challenge
Share
Tweet
Score 0/16 Timer 07:00
1 Play Today
% Correct
First Man on the Moon, July 20, 1969
89%
Attack on Pearl Harbor, December 7, 1941
88.1%
Armistice of World War I, November 11, 1918
87.6%
'I Have a Dream' Speech, August 28, 1963
87.1%
Fall of the Berlin Wall, November 9, 1989
86.4%
Nixon Resigns, August 9, 1974
86%
D-Day, June 6, 1944
85.5%
Sinking of the Titanic, April 15, 1912
85.3%
% Correct
Chernobyl Disaster, April 26, 1986
83%
Atomic Bombing of Hiroshima, August 6, 1945
82.3%
Assassination of Franz Ferdinand, June 28, 1914
81.9%
Launch of Sputnik 1, October 4, 1957
81.4%
Black Tuesday, October 29, 1929
80.9%
Nelson Mandela Becomes President, May 10, 1994
79.2%
Charles Lindbergh Crosses the Atlantic, May 20-21, 1927
70.7%
Hindenburg Disaster, May 6, 1937
66%

You're not logged in!

Compare scores with friends on all Sporcle quizzes.
Join for Free
OR
Log In

You Might Also Like...

Show Comments

Extras

Top Quizzes Today


Score Distribution

Your Account Isn't Verified!

In order to create a playlist on Sporcle, you need to verify the email address you used during registration. Go to your Sporcle Settings to finish the process.

Report this User

Report this user for behavior that violates our Community Guidelines.

Details: